Responses for Show #350 - Friday, January 10, 1986

Contestants

[<< previous game]

Pat Hanrahan, an actor from Stanton, California

Mary Jane Weidenkeller, a cost accountant from Santa Ana, California

Phyllis Grinell, a housewife from New York City, New York (whose 1-day cash winnings total $8,300)

[next game >>]

Jeopardy! Round responses

SAN FRANCISCO
FAMOUS QUOTES
THE CIRCUS
FORMS OF ADDRESS
STARTS WITH "D"
BOND... JAMES BOND
    $100 18
hills

Pat
    $100 13
(Alex: Oh, it's the most famous line. [*].)

"one for all, all for one"

Triple Stumper
    $100 10
George Washington

Phyllis
    $100 1
Mademoiselle

Phyllis
    $100 5
a dilemma

Mary Jane
    $100 3
7

Mary Jane
    $200 20
gold

Mary Jane
    $200 14
love & war

Pat
    $200 24
(Alex: That's where we get the term [*], from the boxcar. Pat, we've got less than a minute to go in the round, so select.)

box office

Triple Stumper
    $200 2
Sister

Pat
    $200 6
a dugout

Phyllis
    $200 19
(Miss) Moneypenny

Mary Jane
    $300 21
Candlestick Park

Phyllis
    $300 15
everything in its place

Phyllis
    $300 25
elephants

Pat
    $300 4
(Phyllis: What is sahib?)

bwana

PhyllisPat
    $300 7
depress

Pat
    $1,000 28
[Pat bobs his head and sings along with the melody before giving his response.]
...
[The song, Burt Bacharach's main theme for the film, was reprised going into the break.]

Casino Royale

Pat
    $400 22
Dianne Feinstein

Pat
    $400 16
wait

Mary Jane
    $400 26
Circus of the Stars

Pat
    $400 11
rabbi

Phyllis
    $400 8
(Mary Jane: What is drawl?)

declare

Mary JanePat
    $500 23
(Pat: What is Golden Gate Park?)

Yosemite

Pat
Triple Stumper
    $500 17
(Alex: It's a slogan that appears on the MGM logo. [*].)

art for art's sake

Triple Stumper
    $500 27
clowns

Triple Stumper
    $500 12
Monsignor

Mary Jane
    $500 9
the die

Pat
    $500 29
[The end-of-round signal sounds.]

George Lazenby

Phyllis

Scores at the first commercial break (after clue 15):

Phyllis Mary Jane Pat
$800 $300 $1,900

Scores at the end of the Jeopardy! Round:

Phyllis Mary Jane Pat
$1,600 $1,100 $3,600

Double Jeopardy! Round responses

HEADLINES
DANCE
WORD ORIGINS
SUPREME COURT
SPORTS
PSYCH 101
    $200 1
Adolf Hitler

Phyllis
    $200 20
a castanet

Phyllis
    $200 2
omnibus

Phyllis
    $200 17
Sandra Day O'Connor

Pat
    $200 6
16

Mary Jane
    $200 16
Sigmund Freud

Pat
    $400 5
the Beatles

Pat
    $400 3
the dollar

Triple Stumper
    $400 18
9

Phyllis
    $400 10
(Pat: What was her clothing?)
(Alex: Be more specific.)
(Pat: The [*] that she was wearing?)
...
(Alex: They don't just ask people to take their clothes off.)

body suit

Pat
    $400 22
id

Pat
    $600 7
James Dean

Mary Jane
    $600 4
secretary

Mary Jane
    $600 19
(Alex: We've got less than a minute to go in the round.)

Oliver Wendell Holmes

Pat
    $1,400 11
(3 of) a discus, a javelin, a hammer & the shot

Pat
    $600 23
(Phyllis: What is panic?)

anxiety

PhyllisPat
    $800 8
(Mary Jane: What are the New York Times?)
...
(Alex: Reference there to the two presidential elections.)

the pollsters

Mary Jane
    $800 14
a spa

Phyllis
    $800 26
Warren

Phyllis
    $800 12
(Pat: What is billiards?)

ping-pong

Pat
Triple Stumper
    $800 24
the control group

Mary Jane
    $1000 9
(Alex: The famous conquering of [*] by Sir Edmund Hillary.)

Mount Everest

Triple Stumper
    $1000 21
tap (dance)

Phyllis
    $1000 15
shrapnel

Triple Stumper
    $1000 27
Taft

Pat
    $1000 13
(Mary Jane: What is a baseball?)
(Phyllis: What is a golf ball?)

a softball

PhyllisMary Jane
Triple Stumper
    $1000 25
Square Pegs

Pat

Scores at the end of the Double Jeopardy! Round:

Phyllis Mary Jane Pat
$3,600 $1,500 $9,000
(lock game)

[wagering suggestions for these scores]

Final Jeopardy! Round responses

SCIENCE
Mary JaneWhat is UHF + VHF
$1,400
PhyllisWhat is AM + FM
$500
PatWhat is AM + FM?
$1,000
VHF & UHF

Final scores:

Phyllis Mary Jane Pat
$3,100 $2,900 $8,000
2nd place: trip to San Francisco 3rd place: Helbros his & hers watch collection New champion: $8,000

Game dynamics:

Coryat scores:

Phyllis Mary Jane Pat
$3,600 $2,300 $7,500
14 R,
3 W
10 R,
3 W
(including 1 DD)
21 R
(including 2 DDs),
2 W

Combined Coryat: $13,400

[game clues] [game scores] [suggest correction]

Game tape date: 1985-09-09
The J! Archive is created by fans, for fans. Scraping, republication, monetization, and malicious use prohibited; this site may use cookies and collect identifying information. See terms. The Jeopardy! game show and all elements thereof, including but not limited to copyright and trademark thereto, are the property of Jeopardy Productions, Inc. and are protected under law. This website is not affiliated with, sponsored by, or operated by Jeopardy Productions, Inc. Join the discussion at JBoard.tv.